| 000 | 00416cam a2200157ua 4500 | ||
|---|---|---|---|
| 041 |
_amal _h |
||
| 082 |
_a894.8121 _bCHA/MA |
||
| 100 | _aKrishnapilla, Changampuzha . | ||
| 245 |
_aManasweswari / _cChangampuzha Krishnapilla. _hTextual Documents |
||
| 260 |
_aKollam : _bSri Ramavilasam Press & Book Depot , _c1960. |
||
| 300 | _a37 ; . | ||
| 504 | _a | ||
| 942 | _cBK | ||
| 999 |
_c808 _d808 |
||